| 000 | 01623nam0a2200349 4500 | ||
|---|---|---|---|
| 001 | RU\NLR\bibl\1475388 | ||
| 005 | 20260406155720.0 | ||
| 010 |
_a978-5-9667-0624-1 _92400 |
||
| 021 |
_aRU _b2009-103860 _96616 |
||
| 035 | _a(nilc)EL/0000303158 | ||
| 035 | _a(NLR Aleph) 001467061 | ||
| 090 |
_a1619748 _c1619748 |
||
| 100 | _a20091111d2009 |||y0rusy50 ca | ||
| 101 | 1 |
_arus _afre |
|
| 102 | _aRU | ||
| 105 | _aa ||||||||| | ||
| 200 | 1 |
_aПоэзия-экспресс _eфранцузские стихи для школьников младших классов _e[пособие _fсост. Э.М. Береговская, О.А. Осаволюк _gпер. с фр. М. Яснова] |
|
| 210 |
_aМосква _cЧистые пруды _d2009 |
||
| 215 |
_a31 с. _cил. _d21 |
||
| 225 | 1 |
_aБиблиотечка "Первого сентября" _iСерия "Французский язык" _fобщ. ред.: Г.А. Чесновицкая _vвып. 29 |
|
| 300 | _aТекст парал. на рус. и фр. яз. | ||
| 686 |
_a74.268.13Франц _vLBC/RL _2rubbk |
||
| 686 | _aШ9(4Фр)60-5 | ||
| 702 | 1 |
_4220 _7ca _8rus _aБереговская _bЭ. М. _f1929-2011 _gЭда Моисеевна _9113996 _3RU\NLR\auth\774007 |
|
| 702 | 1 |
_4730 _7ca _8rus _aЯснов _bМ. Д. _cписатель, переводчик _f1946-2020 _gМихаил Давидович _9117832 _3RU\NLR\AUTH\777908 |
|
| 801 | 0 |
_aRU _bПермская ГОУБ _c20091111 _grcr |
|
| 801 | 1 |
_aRU _bПермская ГОУБ _c20091111 |
|
| 801 | 2 |
_aRU _bNLR _c20100218 _grcr |
|
| 942 | _cBOOK | ||
| 980 | _aNB | ||